Brisbane CBD Street Names - Statistics

General Stats
  • This quiz has been taken 50 times
  • The average score is 7 of 11
Answer Stats
Hint Answer % Correct
Q Queen Street
90%
G George Street
80%
A Albert Street
78%
A Ann Street
78%
A Adelaide Street
68%
E Edward Street
66%
W William Street
66%
C Charlotte Street
61%
M Mary Street
59%
M Margaret Street
56%
A Alice Street
44%
No matching quizzes found
Score Distribution
Percent of People with Each Score
Percentile by Number Answered
Your Score History
You have not taken this quiz